| 000 | nam a22 7a 4500 | ||
|---|---|---|---|
| 999 |
_c332156 _d332156 |
||
| 003 | NUST | ||
| 005 | 20171115154355.0 | ||
| 008 | 171115b xxu||||| |||| 00| 0 eng d | ||
| 020 | _a9788031504109 | ||
| 040 | _c0 | ||
| 082 | _a628.44 VES | ||
| 100 |
_aVesilind,P.Aarne _95746 |
||
| 245 |
_aSolid Waste Engineering _cP.Aarne Vesilind |
||
| 250 | _aIndian Editon | ||
| 260 |
_aAustralia _bCENGAGE Learning _c2002. |
||
| 300 | _a428p. | ||
| 500 | _aH.B | ||
| 942 |
_2ddc _cBK _kIESE |
||